| 000 | 00687nam a2200181Ia 4500 | ||
|---|---|---|---|
| 008 | 151018s9999 xx 000 0 und d | ||
| 082 |
_bRBASDV25968 _a891.464 |
||
| 100 | _aज श्री टिळक | ||
| 245 | _aविधानभवनातील भाषणे आणि | ||
| 250 | _b1 | ||
| 260 |
_bमहाराष्ट्र विधान मंडळ सचिवालय _c1995 |
||
| 300 | _a234 | ||
| 600 | _aज श्री टिळक | ||
| 630 | _aविधानभवनातील भाषणे आणि | ||
| 700 | _aज श्री टिळक | ||
| 730 | _aविधानभवनातील भाषणे आणि | ||
| 942 | _cBOOK | ||
| 999 |
_c1025577 _d1025574 |
||